टूटते दायरे / (Record no. 115412)

MARC details
000 -LEADER
fixed length control field 01092nam a22002777a 4500
003 - CONTROL NUMBER IDENTIFIER
control field dpl
005 - DATE AND TIME OF LATEST TRANSACTION
control field 20180625163741.0
008 - FIXED-LENGTH DATA ELEMENTS--GENERAL INFORMATION
fixed length control field 180625b xxu||||| |||| 00| 0 eng d
010 ## - LIBRARY OF CONGRESS CONTROL NUMBER
LC control number B-065643, B-065647
020 ## - INTERNATIONAL STANDARD BOOK NUMBER
Terms of availability 125.00
International Standard Book Number 8185309396
035 ## - SYSTEM CONTROL NUMBER
System control number B-065643
037 ## - SOURCE OF ACQUISITION
Source of stock number/acquisition Cen Lib/Ret
040 ## - CATALOGING SOURCE
Original cataloging agency DPL
Language of cataloging HN
Transcribing agency 0
082 ## - DEWEY DECIMAL CLASSIFICATION NUMBER
Classification number
Item number दिवाक
100 ## - MAIN ENTRY--PERSONAL NAME
Personal name दिवाकर, रामधारी सिंह
9 (RLIN) 6750
245 ## - TITLE STATEMENT
Title टूटते दायरे /
Statement of responsibility, etc रामधारी सिंह दिवाकर
246 ## - VARYING FORM OF TITLE
Title proper/short title Tootte dayre /
Remainder of title by Ramdhari SIngh Divakar
260 ## - PUBLICATION, DISTRIBUTION, ETC. (IMPRINT)
Place of publication, distribution, etc गाज़ियाबाद
Name of publisher, distributor, etc अमित प्रकाशन
Date of publication, distribution, etc 2002
270 ## - ADDRESS
Address के.बी.97, कविनगर
City गाज़ियाबाद
Postal code 201002
300 ## - PHYSICAL DESCRIPTION
Extent 144पृ.
Dimensions 20सेमी(सजिल्द)
650 ## - SUBJECT ADDED ENTRY--TOPICAL TERM
Topical term or geographic name as entry element हिंदी साहित्य
9 (RLIN) 61328
650 ## - SUBJECT ADDED ENTRY--TOPICAL TERM
Topical term or geographic name as entry element हिंदी उपन्यास
9 (RLIN) 61329
650 ## - SUBJECT ADDED ENTRY--TOPICAL TERM
Topical term or geographic name as entry element Hindi literature
9 (RLIN) 61330
650 ## - SUBJECT ADDED ENTRY--TOPICAL TERM
Topical term or geographic name as entry element Hindi fiction
9 (RLIN) 27248
942 ## - ADDED ENTRY ELEMENTS (KOHA)
Source of classification or shelving scheme Dewey Decimal Classification
Koha item type Hindi Books
Classification part
Call number suffix दिवाक
Holdings
Withdrawn status Lost status Damaged status Not for loan Home library Current library Date acquired Source of acquisition Cost, normal purchase price Total Checkouts Full call number Barcode Date last seen Copy number Cost, replacement price Price effective from Koha item type Source of classification or shelving scheme Collection code Date checked out
        Central Library Central Library 20/08/2015 Cen Lib/Ref 125.00   उ दिवाक B-065643 20/08/2015 1 125.00 20/08/2015 Hindi Books      
        Shahdara Branch Shahdara Branch 25/06/2018 BPPD/PUB 125.00 1 उ दिवाक B-065647 03/07/2018   125.00 25/06/2018 Hindi Books Dewey Decimal Classification Fiction 25/06/2018

© Delhi Public Library
Hit Counter
free hit counter